[Event "Team Championship (women rapid)"]
[Site "Sochi"]
[Date "2017.10.03"]
[Round "1.9"]
[White "Ambartsumova, Karina"]
[Black "Strukova, Ksenia"]
[Result "1-0"]
[LiveChessVersion "1.4.8"]
[BlackElo "1824"]
[WhiteElo "2339"]

1. e4 {[%clk 0:15:15]} c5 {[%clk 0:15:19]} 2. Nf3 {[%clk 0:15:22]} e6
{[%clk 0:15:27]} 3. d4 {[%clk 0:15:26]} cxd4 {[%clk 0:15:35]} 4. Nxd4
{[%clk 0:15:35]} a6 {[%clk 0:15:43]} 5. Bd3 {[%clk 0:14:51]} Qc7 {[%clk 0:15:40]}
6. O-O {[%clk 0:14:54]} Nf6 {[%clk 0:15:02]} 7. Qe2 {[%clk 0:15:02]} d6
{[%clk 0:15:11]} 8. c4 {[%clk 0:15:07]} g6 {[%clk 0:14:59]} 9. Nc3
{[%clk 0:14:52]} Bg7 {[%clk 0:15:07]} 10. Be3 {[%clk 0:13:49]} O-O
{[%clk 0:15:05]} 11. f4 {[%clk 0:13:15]} Nbd7 {[%clk 0:14:28]} 12. Rac1
{[%clk 0:12:04]} b6 {[%clk 0:14:09]} 13. b4 {[%clk 0:11:49]} Bb7 {[%clk 0:14:03]}
14. Nb3 {[%clk 0:11:11]} Rac8 {[%clk 0:11:09]} 15. a4 {[%clk 0:10:54]} Qb8
{[%clk 0:08:14]} 16. Bd4 {[%clk 0:09:28]} Nh5 {[%clk 0:05:47]} 17. Bxg7
{[%clk 0:09:24]} Nxg7 {[%clk 0:05:56]} 18. Qe3 {[%clk 0:07:41]} Rfe8
{[%clk 0:04:24]} 19. Qh3 {[%clk 0:05:39]} Qa7 {[%clk 0:02:54]} 20. Kh1
{[%clk 0:05:35]} f5 {[%clk 0:02:45]} 21. Qh4 {[%clk 0:02:43]} Qa8
{[%clk 0:02:26]} 22. Rfe1 {[%clk 0:02:19]} Kh8 {[%clk 0:00:58]} 23. a5
{[%clk 0:02:00]} d5 {[%clk 0:00:22]} 24. cxd5 {[%clk 0:01:11]} exd5
{[%clk 0:00:31]} 25. exf5 {[%clk 0:01:16]} gxf5 {[%clk 0:00:18]} 26. Nd4
{[%clk 0:01:13]} Rxe1+ {[%clk 0:00:18]} 27. Qxe1 {[%clk 0:01:21]} Rf8
{[%clk 0:00:19]} 28. Qe7 {[%clk 0:01:07]} Qe8 {[%clk 0:00:14]} 29. Qxe8
{[%clk 0:00:51]} Rxe8 {[%clk 0:00:23]} 30. Nxf5 {[%clk 0:00:58]} Rd8
{[%clk 0:00:14]} 31. axb6 {[%clk 0:00:52]} Nxb6 {[%clk 0:00:23]} 32. Nd4
{[%clk 0:00:57]} Rf8 {[%clk 0:00:20]} 33. f5 {[%clk 0:01:02]} Bc8
{[%clk 0:00:19]} 34. g4 {[%clk 0:01:06]} h5 {[%clk 0:00:23]} 35. h3
{[%clk 0:01:15]} hxg4 {[%clk 0:00:21]} 36. hxg4 {[%clk 0:01:24]} Ne8
{[%clk 0:00:22]} 37. g5 {[%clk 0:01:17]} Ng7 {[%clk 0:00:14]} 38. f6
{[%clk 0:01:15]} Nh5 {[%clk 0:00:24]} 39. Re1 {[%clk 0:01:05]} Nf4
{[%clk 0:00:16]} 40. Bf5 {[%clk 0:01:01]} Bd7 {[%clk 0:00:14]} 41. Re7
{[%clk 0:00:32]} Bxf5 {[%clk 0:00:12]} 42. Nxf5 {[%clk 0:00:41]} Ng6
{[%clk 0:00:19]} 43. Rg7 {[%clk 0:00:40]} Rg8 {[%clk 0:00:14]} 44. Rb7
{[%clk 0:00:35]} d4 {[%clk 0:00:15]} 45. Nxd4 {[%clk 0:00:38]} Nc4
{[%clk 0:00:24]} 46. f7 {[%clk 0:00:42]} Rf8 {[%clk 0:00:30]} 47. Ne6
{[%clk 0:00:50]} Nd6 {[%clk 0:00:22]} 48. Nxf8 {[%clk 0:00:56]} Nxb7
{[%clk 0:00:14]} 49. Nxg6+ {[%clk 0:01:04]} Kg7 {[%clk 0:00:23]} 1-0

[Event "Team Championship (women rapid)"]
[Site "Sochi"]
[Date "2017.10.03"]
[Round "1.10"]
[White "Granovskaya, Ekaterina"]
[Black "Nebolsina, Vera"]
[Result "0-1"]
[LiveChessVersion "1.4.8"]
[BlackElo "2236"]
[WhiteElo "1722"]

1. e4 {[%clk 0:15:19]} c5 {[%clk 0:15:13]} 2. Nf3 {[%clk 0:15:27]} d6
{[%clk 0:15:22]} 3. d4 {[%clk 0:15:29]} cxd4 {[%clk 0:15:29]} 4. Nxd4
{[%clk 0:15:36]} Nf6 {[%clk 0:15:37]} 5. f3 {[%clk 0:15:41]} Nc6 {[%clk 0:14:10]}
6. c4 {[%clk 0:15:35]} g6 {[%clk 0:14:13]} 7. Nc3 {[%clk 0:15:24]} Bg7
{[%clk 0:14:08]} 8. Be3 {[%clk 0:14:26]} O-O {[%clk 0:14:05]} 9. Be2
{[%clk 0:13:55]} Bd7 {[%clk 0:14:04]} 10. O-O {[%clk 0:13:55]} Rc8
{[%clk 0:13:51]} 11. Rc1 {[%clk 0:13:54]} a6 {[%clk 0:13:04]} 12. b3
{[%clk 0:13:48]} Nxd4 {[%clk 0:08:59]} 13. Bxd4 {[%clk 0:13:42]} Bc6
{[%clk 0:09:07]} 14. Qd2 {[%clk 0:10:49]} Nd7 {[%clk 0:08:58]} 15. Be3
{[%clk 0:06:59]} f5 {[%clk 0:06:57]} 16. Rfd1 {[%clk 0:03:38]} Kh8
{[%clk 0:05:13]} 17. Kh1 {[%clk 0:02:01]} Qa5 {[%clk 0:03:54]} 18. Rc2 fxe4
{[%clk 0:03:46]} 19. Nxe4 {[%clk 0:00:57]} Qxd2 {[%clk 0:03:00]} 20. Rdxd2
{[%clk 0:01:04]} Bxe4 {[%clk 0:03:08]} 21. fxe4 {[%clk 0:01:10]} Nc5
{[%clk 0:03:13]} 22. Bf3 {[%clk 0:01:06]} g5 {[%clk 0:02:59]} 23. h3
{[%clk 0:00:56]} Be5 {[%clk 0:03:02]} 24. Rd1 {[%clk 0:00:41]} h6
{[%clk 0:03:07]} 25. Kg1 {[%clk 0:00:43]} Kg7 {[%clk 0:03:06]} 26. Bg4
{[%clk 0:00:33]} Rc7 {[%clk 0:03:10]} 27. Bf3 {[%clk 0:00:39]} a5
{[%clk 0:03:05]} 28. Rd5 {[%clk 0:00:30]} b6 {[%clk 0:03:08]} 29. Rd1
{[%clk 0:00:28]} Rb8 {[%clk 0:02:59]} 30. g4 {[%clk 0:00:36]} Na6
{[%clk 0:02:59]} 31. a3 {[%clk 0:00:38]} b5 {[%clk 0:02:59]} 32. Be2
{[%clk 0:00:42]} b4 {[%clk 0:02:30]} 33. a4 {[%clk 0:00:43]} Nc5 {[%clk 0:02:38]}
34. Bxc5 {[%clk 0:00:42]} Rxc5 {[%clk 0:02:38]} 35. Rd5 {[%clk 0:00:51]} Rbc8
{[%clk 0:02:44]} 36. Rcd2 {[%clk 0:00:55]} e6 {[%clk 0:02:27]} 37. R5d3
{[%clk 0:00:47]} Kf7 {[%clk 0:02:23]} 38. Rf3+ {[%clk 0:00:54]} Ke7
{[%clk 0:02:32]} 39. Bd3 {[%clk 0:01:01]} Rf8 {[%clk 0:02:18]} 40. Rxf8
{[%clk 0:01:00]} Kxf8 {[%clk 0:02:27]} 41. Rf2+ {[%clk 0:01:09]} Ke7
{[%clk 0:02:36]} 42. Kg2 {[%clk 0:01:19]} Bf4 {[%clk 0:02:35]} 43. h4
{[%clk 0:01:07]} Kf6 {[%clk 0:02:25]} 44. Kf3 {[%clk 0:00:27]} Ke5
{[%clk 0:02:28]} 45. Rc2 {[%clk 0:00:19]} gxh4 {[%clk 0:02:06]} 46. Bf1
{[%clk 0:00:17]} Rc8 {[%clk 0:01:56]} 47. Bg2 {[%clk 0:00:19]} Rf8
{[%clk 0:01:54]} 48. Ke2 {[%clk 0:00:25]} Kd4 {[%clk 0:01:53]} 49. Bf3
{[%clk 0:00:19]} h3 {[%clk 0:01:53]} 50. c5 {[%clk 0:00:27]} d5 {[%clk 0:01:17]}
51. exd5 {[%clk 0:00:20]} exd5 {[%clk 0:01:26]} 52. c6 {[%clk 0:00:19]} h2
{[%clk 0:01:14]} 53. Bg2 {[%clk 0:00:21]} Bc7 {[%clk 0:00:47]} 54. Rd2+
{[%clk 0:00:25]} Kc3 {[%clk 0:00:55]} 55. Bxd5 {[%clk 0:00:34]} Re8+
{[%clk 0:00:35]} 56. Kd1 {[%clk 0:00:35]} Rd8 {[%clk 0:00:39]} 57. Rc2+
{[%clk 0:00:27]} Kd4 {[%clk 0:00:42]} 58. Rd2+ {[%clk 0:00:36]} Ke3
{[%clk 0:00:47]} 59. Re2+ {[%clk 0:00:42]} Kf4 {[%clk 0:00:50]} 60. Rd2
{[%clk 0:00:49]} Rxd5 {[%clk 0:00:56]} 0-1

[Event "Team Championship (women rapid)"]
[Site "Sochi"]
[Date "2017.10.03"]
[Round "1.11"]
[White "Belova, Olga"]
[Black "Ilyina, Lada"]
[Result "1-0"]
[LiveChessVersion "1.4.8"]
[BlackElo "1804"]
[WhiteElo "2158"]

1. e4 {[%clk 0:15:07]} e6 {[%clk 0:15:12]} 2. d4 {[%clk 0:15:10]} d5
{[%clk 0:15:21]} 3. Nc3 {[%clk 0:15:16]} Nf6 {[%clk 0:15:27]} 4. Bg5
{[%clk 0:15:24]} dxe4 {[%clk 0:15:31]} 5. Nxe4 {[%clk 0:15:30]} Be7
{[%clk 0:15:40]} 6. Bxf6 {[%clk 0:15:35]} Bxf6 {[%clk 0:15:48]} 7. Nf3
{[%clk 0:15:42]} Nc6 {[%clk 0:15:46]} 8. c3 {[%clk 0:14:45]} O-O {[%clk 0:15:50]}
9. Bd3 {[%clk 0:14:30]} e5 {[%clk 0:15:12]} 10. d5 {[%clk 0:14:11]} Nb8
{[%clk 0:14:39]} 11. O-O {[%clk 0:13:37]} Bf5 {[%clk 0:13:19]} 12. Nxf6+
{[%clk 0:07:57]} Qxf6 {[%clk 0:13:27]} 13. Bxf5 {[%clk 0:08:05]} Qxf5
{[%clk 0:13:35]} 14. Qb3 {[%clk 0:08:14]} b6 {[%clk 0:13:02]} 15. Qc4
{[%clk 0:08:21]} Rc8 {[%clk 0:12:27]} 16. Rfe1 {[%clk 0:08:29]} Nd7
{[%clk 0:12:33]} 17. Rad1 {[%clk 0:08:16]} Kh8 {[%clk 0:09:40]} 18. b4
{[%clk 0:03:42]} a5 {[%clk 0:06:05]} 19. h3 {[%clk 0:02:39]} f6 {[%clk 0:04:35]}
20. Re3 {[%clk 0:02:04]} Qc2 {[%clk 0:04:27]} 21. Rd2 {[%clk 0:01:43]} Qa4
{[%clk 0:04:17]} 22. Qg4 {[%clk 0:01:31]} Nf8 {[%clk 0:03:01]} 23. Nh4
{[%clk 0:01:33]} Qd7 {[%clk 0:02:46]} 24. Qe4 {[%clk 0:01:16]} Qf7
{[%clk 0:00:56]} 25. Red3 {[%clk 0:01:10]} Ng6 {[%clk 0:00:52]} 26. Nxg6+
{[%clk 0:01:16]} Qxg6 {[%clk 0:01:01]} 27. Qc4 {[%clk 0:01:21]} Qf7
{[%clk 0:01:02]} 28. Qc6 {[%clk 0:01:11]} h6 {[%clk 0:00:42]} 29. b5
{[%clk 0:01:20]} Rd8 {[%clk 0:00:45]} 30. d6 {[%clk 0:01:23]} cxd6
{[%clk 0:00:21]} 31. Rxd6 {[%clk 0:01:30]} Rdc8 {[%clk 0:00:20]} 32. Qe4
{[%clk 0:01:10]} Qc7 {[%clk 0:00:18]} 33. Rc6 {[%clk 0:01:00]} Qb7 34. Rdd6
{[%clk 0:00:48]} Rd8 {[%clk 0:00:14]} 35. Rxd8+ {[%clk 0:00:35]} Rxd8
{[%clk 0:00:22]} 36. Qe3 {[%clk 0:00:44]} Rb8 {[%clk 0:00:14]} 37. a4
{[%clk 0:00:52]} Kg8 {[%clk 0:00:14]} 38. c4 {[%clk 0:01:01]} Qf7
{[%clk 0:00:15]} 39. Kh2 {[%clk 0:00:36]} Qb7 {[%clk 0:00:16]} 40. Qd3
{[%clk 0:00:35]} Qe7 {[%clk 0:00:13]} 41. Qd5+ {[%clk 0:00:31]} Kh8
{[%clk 0:00:19]} 42. c5 {[%clk 0:00:25]} bxc5 {[%clk 0:00:15]} 43. Qxc5
{[%clk 0:00:34]} Qd7 {[%clk 0:00:14]} 44. Rd6 {[%clk 0:00:40]} Qe8
{[%clk 0:00:17]} 45. Qc6 {[%clk 0:00:28]} Qe7 {[%clk 0:00:13]} 46. Rd7
{[%clk 0:00:34]} Qb4 {[%clk 0:00:13]} 47. Qc7 {[%clk 0:00:37]} Rg8
{[%clk 0:00:16]} 48. b6 {[%clk 0:00:39]} Qf4+ {[%clk 0:00:17]} 49. Kg1
{[%clk 0:00:48]} Qxa4 {[%clk 0:00:16]} 50. b7 {[%clk 0:00:57]} Qa1+
{[%clk 0:00:17]} 51. Kh2 {[%clk 0:01:06]} Qb2 {[%clk 0:00:14]} 52. Rd8
{[%clk 0:00:40]} Rxd8 {[%clk 0:00:14]} 53. Qxd8+ {[%clk 0:00:49]} Kh7
{[%clk 0:00:23]} 54. b8=Q {[%clk 0:00:54]} Qxf2 {[%clk 0:00:30]} 55. Qg8+
{[%clk 0:00:50]} Kg6 {[%clk 0:00:36]} 56. Qbe8+ {[%clk 0:00:55]} Kf5
{[%clk 0:00:22]} 57. Qge6+ {[%clk 0:00:58]} Ke4 {[%clk 0:00:18]} 58. Qa4+
{[%clk 0:01:05]} Kd3 {[%clk 0:00:15]} 59. Qeb3+ {[%clk 0:01:13]} 1-0

[Event "Team Championship (women rapid)"]
[Site "Sochi"]
[Date "2017.10.03"]
[Round "1.12"]
[White "Nur-Mukhametova, Alisa"]
[Black "Shafigullina, Zarina"]
[Result "1/2-1/2"]
[LiveChessVersion "1.4.8"]
[BlackElo "2080"]
[WhiteElo "1683"]

1. e4 {[%clk 0:15:17]} c5 {[%clk 0:15:16]} 2. Nf3 {[%clk 0:15:22]} Nc6
{[%clk 0:15:14]} 3. c3 {[%clk 0:15:28]} d5 {[%clk 0:15:23]} 4. exd5
{[%clk 0:15:34]} Qxd5 {[%clk 0:15:31]} 5. d4 {[%clk 0:15:35]} Nf6
{[%clk 0:15:38]} 6. Be2 {[%clk 0:15:27]} e6 {[%clk 0:15:46]} 7. O-O
{[%clk 0:15:24]} Be7 {[%clk 0:15:41]} 8. Na3 {[%clk 0:15:12]} O-O
{[%clk 0:14:51]} 9. Nc2 {[%clk 0:14:48]} cxd4 {[%clk 0:14:53]} 10. Ncxd4
{[%clk 0:14:48]} Bd7 {[%clk 0:13:33]} 11. Bf4 {[%clk 0:12:36]} Nxd4
{[%clk 0:11:35]} 12. Qxd4 {[%clk 0:12:31]} Bc5 {[%clk 0:10:18]} 13. Qxd5
{[%clk 0:12:17]} Nxd5 {[%clk 0:10:26]} 14. Bg3 {[%clk 0:11:32]} Rad8
{[%clk 0:09:33]} 15. Ne5 {[%clk 0:09:25]} Bc8 {[%clk 0:08:46]} 16. Nd3
{[%clk 0:08:44]} Bd6 {[%clk 0:06:22]} 17. Bxd6 {[%clk 0:05:45]} Rxd6
{[%clk 0:06:31]} 18. c4 {[%clk 0:05:46]} Nf6 {[%clk 0:06:31]} 19. Rfd1
{[%clk 0:05:17]} Rfd8 {[%clk 0:05:44]} 20. Ne5 {[%clk 0:04:27]} Ne4
{[%clk 0:02:06]} 21. f3 {[%clk 0:02:30]} Rxd1+ {[%clk 0:00:16]} 22. Rxd1
{[%clk 0:02:38]} Rxd1+ {[%clk 0:00:25]} 23. Bxd1 {[%clk 0:02:47]} Nd2
{[%clk 0:00:27]} 24. Be2 {[%clk 0:02:16]} f6 {[%clk 0:00:28]} 25. Ng4
{[%clk 0:02:21]} b6 {[%clk 0:00:17]} 26. Kf2 {[%clk 0:02:09]} Ba6
{[%clk 0:00:11]} 27. Ne3 {[%clk 0:02:10]} f5 {[%clk 0:00:18]} 28. Ke1
{[%clk 0:01:31]} f4 {[%clk 0:00:26]} 29. Kxd2 {[%clk 0:01:39]} fxe3+
{[%clk 0:00:35]} 30. Kxe3 {[%clk 0:01:48]} Kf7 {[%clk 0:00:43]} 31. Kd4
{[%clk 0:01:29]} Kf6 {[%clk 0:00:45]} 32. Bd3 {[%clk 0:01:08]} h6
{[%clk 0:00:36]} 33. Be4 {[%clk 0:01:05]} e5+ {[%clk 0:00:18]} 34. Kc3
{[%clk 0:00:51]} Ke6 {[%clk 0:00:26]} 35. b4 {[%clk 0:00:49]} Kd6
{[%clk 0:00:35]} 36. a4 {[%clk 0:00:24]} Bc8 {[%clk 0:00:40]} 37. g3
{[%clk 0:00:24]} g5 {[%clk 0:00:30]} 38. Kb3 {[%clk 0:00:17]} Bd7
{[%clk 0:00:31]} 39. Ka3 {[%clk 0:00:13]} Be6 {[%clk 0:00:31]} 40. Kb3
{[%clk 0:00:22]} Bd7 {[%clk 0:00:37]} 41. Bb7 {[%clk 0:00:25]} Be6
{[%clk 0:00:39]} 42. Ba6 {[%clk 0:00:21]} Bd7 {[%clk 0:00:42]} 43. Bb5
{[%clk 0:00:26]} Bc8 {[%clk 0:00:46]} 44. Kc3 {[%clk 0:00:32]} Bb7
{[%clk 0:00:54]} 45. c5+ {[%clk 0:00:30]} bxc5 {[%clk 0:00:58]} 46. bxc5+
{[%clk 0:00:39]} Kxc5 {[%clk 0:01:04]} 47. Be2 {[%clk 0:00:48]} Bc6
{[%clk 0:00:55]} 48. a5 {[%clk 0:00:53]} Bb7 {[%clk 0:00:22]} 49. h3
{[%clk 0:00:46]} Bc6 {[%clk 0:00:22]} 50. h4 {[%clk 0:00:45]} Bb7
{[%clk 0:00:19]} 51. hxg5 {[%clk 0:00:47]} hxg5 {[%clk 0:00:28]} 52. Kd2
{[%clk 0:00:31]} Kd4 {[%clk 0:00:30]} 53. Bd1 {[%clk 0:00:35]} Ba6
{[%clk 0:00:33]} 54. Bc2 {[%clk 0:00:20]} Bb7 {[%clk 0:00:41]} 55. Bd1
{[%clk 0:00:29]} Bd5 {[%clk 0:00:45]} 56. Be2 {[%clk 0:00:36]} 1/2-1/2

[Event "Team Championship (women rapid)"]
[Site "Sochi"]
[Date "2017.10.03"]
[Round "2.1"]
[White "Ubiennykh, Ekaterina"]
[Black "Ambartsumova, Karina"]
[Result "1/2-1/2"]
[LiveChessVersion "1.4.8"]
[BlackElo "2339"]
[WhiteElo "2329"]

1. d4 {[%clk 0:15:19]} Nf6 {[%clk 0:15:16]} 2. c4 {[%clk 0:15:27]} g6
{[%clk 0:15:20]} 3. Nc3 {[%clk 0:15:35]} Bg7 {[%clk 0:15:28]} 4. e4
{[%clk 0:15:44]} d6 {[%clk 0:15:36]} 5. Be2 {[%clk 0:15:52]} O-O {[%clk 0:15:25]}
6. Bg5 {[%clk 0:16:00]} c6 {[%clk 0:14:52]} 7. Qd2 {[%clk 0:15:32]} e5
{[%clk 0:13:51]} 8. d5 {[%clk 0:15:18]} c5 {[%clk 0:10:27]} 9. h4
{[%clk 0:15:12]} a6 {[%clk 0:10:09]} 10. h5 {[%clk 0:13:56]} Qe7 {[%clk 0:09:04]}
11. f3 {[%clk 0:13:48]} Nbd7 {[%clk 0:08:33]} 12. Nh3 {[%clk 0:13:22]} Re8
{[%clk 0:08:14]} 13. Nf2 {[%clk 0:13:07]} Qf8 {[%clk 0:08:08]} 14. g4
{[%clk 0:11:15]} Rb8 {[%clk 0:08:03]} 15. a4 {[%clk 0:10:56]} h6 {[%clk 0:07:24]}
16. Be3 {[%clk 0:09:35]} g5 {[%clk 0:07:13]} 17. Rh2 {[%clk 0:09:41]} Nh7
{[%clk 0:06:58]} 18. Nh1 {[%clk 0:09:48]} Bf6 {[%clk 0:05:34]} 19. Ng3
{[%clk 0:09:53]} Bd8 {[%clk 0:05:24]} 20. Nd1 {[%clk 0:09:31]} f6
{[%clk 0:04:56]} 21. Bd3 {[%clk 0:09:20]} a5 {[%clk 0:03:41]} 22. Nc3
{[%clk 0:09:05]} Nb6 {[%clk 0:03:13]} 23. Nf5 {[%clk 0:06:46]} Bxf5
{[%clk 0:03:09]} 24. exf5 {[%clk 0:06:54]} Nc8 {[%clk 0:03:04]} 25. Ne4
{[%clk 0:06:18]} Kg7 {[%clk 0:02:21]} 26. Qf2 {[%clk 0:05:13]} b6
{[%clk 0:02:29]} 27. Qg1 {[%clk 0:05:17]} Qe7 {[%clk 0:02:31]} 28. Rc2
{[%clk 0:05:24]} Qf8 {[%clk 0:02:37]} 29. Rc3 {[%clk 0:05:31]} Qe7
{[%clk 0:02:35]} 30. Rb3 {[%clk 0:05:39]} Bc7 {[%clk 0:02:30]} 31. Rd1
{[%clk 0:05:04]} Kg8 {[%clk 0:02:24]} 32. Bc2 {[%clk 0:05:07]} Kg7
{[%clk 0:02:26]} 33. Qf1 {[%clk 0:05:00]} Kg8 {[%clk 0:02:34]} 34. Qd3
{[%clk 0:05:05]} Kg7 {[%clk 0:02:24]} 35. Ra3 {[%clk 0:04:43]} Rd8
{[%clk 0:02:13]} 36. Qb3 {[%clk 0:04:49]} Na7 {[%clk 0:02:10]} 37. Raa1
{[%clk 0:04:46]} Qe8 {[%clk 0:02:08]} 38. Rd3 {[%clk 0:04:53]} Qe7
{[%clk 0:02:17]} 39. Rad1 {[%clk 0:05:02]} Qe8 {[%clk 0:02:25]} 40. Qc3
{[%clk 0:04:53]} Nc8 {[%clk 0:02:31]} 41. Bc1 {[%clk 0:04:37]} Qe7
{[%clk 0:02:38]} 42. Kf2 {[%clk 0:04:46]} Qf7 {[%clk 0:02:31]} 43. Re1
{[%clk 0:04:54]} Re8 {[%clk 0:02:30]} 44. Rde3 {[%clk 0:05:03]} Rd8
{[%clk 0:02:34]} 45. R3e2 {[%clk 0:05:09]} Rf8 {[%clk 0:02:32]} 46. Qe3
{[%clk 0:04:48]} Rd8 {[%clk 0:02:35]} 47. Kg2 {[%clk 0:04:56]} Rf8
{[%clk 0:02:44]} 48. Nc3 {[%clk 0:04:57]} Na7 {[%clk 0:02:49]} 49. Qf2
{[%clk 0:04:54]} Rfe8 {[%clk 0:02:50]} 50. Re4 {[%clk 0:04:59]} Rbd8
{[%clk 0:02:55]} 51. Qe2 {[%clk 0:05:08]} Kf8 {[%clk 0:02:43]} 52. Bd3
{[%clk 0:05:05]} Bb8 {[%clk 0:02:51]} 53. Qc2 {[%clk 0:05:10]} Bc7
{[%clk 0:02:54]} 54. Qb3 {[%clk 0:05:19]} Qd7 {[%clk 0:03:01]} 55. Bd2
{[%clk 0:05:18]} Rb8 {[%clk 0:03:05]} 56. Nd1 {[%clk 0:04:38]} Qf7
{[%clk 0:03:04]} 57. Nf2 {[%clk 0:04:47]} Qd7 {[%clk 0:03:06]} 58. Nh3
{[%clk 0:04:56]} Kg7 {[%clk 0:02:43]} 59. Qd1 {[%clk 0:05:03]} Qf7
{[%clk 0:02:11]} 60. Bc2 {[%clk 0:05:09]} Rbd8 {[%clk 0:02:18]} 61. Qe2
{[%clk 0:05:17]} Kf8 {[%clk 0:02:27]} 62. Kh2 {[%clk 0:04:19]} Nc8
{[%clk 0:02:31]} 63. Kg2 {[%clk 0:03:19]} Re7 {[%clk 0:02:27]} 64. Qd3
{[%clk 0:03:10]} Ree8 {[%clk 0:02:31]} 65. Qb3 {[%clk 0:03:17]} Na7
{[%clk 0:02:29]} 66. R4e2 {[%clk 0:02:37]} Rb8 {[%clk 0:02:31]} 67. Nf2
{[%clk 0:02:11]} Rbd8 {[%clk 0:02:36]} 68. Nd1 {[%clk 0:01:53]} Rb8
{[%clk 0:02:43]} 69. Re4 {[%clk 0:01:53]} Rbd8 {[%clk 0:02:51]} 70. R1e3
{[%clk 0:01:53]} Rb8 {[%clk 0:02:59]} 71. Qd3 {[%clk 0:01:58]} Rbd8
{[%clk 0:03:06]} 72. Qe2 {[%clk 0:02:07]} Rb8 {[%clk 0:03:13]} 73. Rb3
{[%clk 0:02:08]} Qd7 {[%clk 0:03:10]} 74. Nc3 {[%clk 0:02:13]} Qf7
{[%clk 0:03:15]} 75. Nb5 {[%clk 0:02:18]} Nxb5 {[%clk 0:03:09]} 76. cxb5
{[%clk 0:02:12]} Qd7 {[%clk 0:02:51]} 77. Rbe3 {[%clk 0:02:13]} Qf7
{[%clk 0:02:57]} 78. Bb3 {[%clk 0:02:23]} Ra8 {[%clk 0:03:02]} 79. Bc4
{[%clk 0:02:29]} Qd7 {[%clk 0:03:04]} 80. Qe1 {[%clk 0:02:37]} Qf7
{[%clk 0:03:12]} 81. Re2 {[%clk 0:02:41]} Qd7 {[%clk 0:03:11]} 82. Bb3
{[%clk 0:02:49]} Qf7 {[%clk 0:03:14]} 83. Be3 {[%clk 0:02:58]} Qd7
{[%clk 0:03:23]} 84. Bd2 {[%clk 0:02:52]} Qf7 {[%clk 0:03:27]} 85. Rc4
{[%clk 0:02:54]} Qd7 {[%clk 0:03:28]} 86. Rc2 {[%clk 0:02:56]} Qf7
{[%clk 0:03:21]} 87. Qc1 {[%clk 0:03:03]} Qd7 {[%clk 0:03:26]} 88. Re4
{[%clk 0:03:09]} Rac8 {[%clk 0:03:31]} 89. Bc4 {[%clk 0:02:45]} Ra8
{[%clk 0:03:32]} 90. Bd3 {[%clk 0:02:54]} Rec8 {[%clk 0:03:12]} 91. Rec4
{[%clk 0:03:03]} Bd8 {[%clk 0:03:04]} 92. Be2 {[%clk 0:01:39]} Qb7
{[%clk 0:03:09]} 93. Re4 {[%clk 0:01:37]} Qd7 {[%clk 0:03:12]} 94. Bd1
{[%clk 0:01:43]} Rcb8 {[%clk 0:02:57]} 95. Be3 {[%clk 0:01:51]} Rc8
{[%clk 0:02:58]} 96. Re2 {[%clk 0:01:53]} Bc7 {[%clk 0:02:58]} 97. Bc2
{[%clk 0:00:52]} Re8 {[%clk 0:02:55]} 98. Qe1 {[%clk 0:01:01]} Qf7
{[%clk 0:03:05]} 99. Bd2 {[%clk 0:01:04]} Qd7 {[%clk 0:03:03]} 100. Qc1
{[%clk 0:00:52]} 1/2-1/2

[Event "Team Championship (women rapid)"]
[Site "Sochi"]
[Date "2017.10.03"]
[Round "2.2"]
[White "Nebolsina, Vera"]
[Black "Bivol, Alina"]
[Result "1-0"]
[LiveChessVersion "1.4.8"]
[BlackElo "2310"]
[WhiteElo "2236"]

1. e4 {[%clk 0:15:12]} e6 {[%clk 0:15:19]} 2. d4 {[%clk 0:15:21]} d5
{[%clk 0:15:28]} 3. exd5 {[%clk 0:15:29]} exd5 {[%clk 0:15:37]} 4. Nf3
{[%clk 0:15:38]} c6 {[%clk 0:15:22]} 5. Bd3 {[%clk 0:15:26]} Bd6 {[%clk 0:15:28]}
6. O-O {[%clk 0:15:17]} Ne7 {[%clk 0:15:37]} 7. c4 {[%clk 0:13:08]} h6
{[%clk 0:14:13]} 8. Nc3 {[%clk 0:11:19]} O-O {[%clk 0:13:46]} 9. Ne5
{[%clk 0:10:03]} Bxe5 {[%clk 0:10:47]} 10. dxe5 {[%clk 0:10:10]} dxc4
{[%clk 0:10:41]} 11. Bxc4 {[%clk 0:10:12]} Bf5 {[%clk 0:10:25]} 12. Qe2
{[%clk 0:08:32]} b5 {[%clk 0:09:56]} 13. Rd1 {[%clk 0:07:48]} Qc8
{[%clk 0:09:24]} 14. Bb3 {[%clk 0:07:41]} Na6 {[%clk 0:09:01]} 15. Be3
{[%clk 0:07:05]} Ng6 {[%clk 0:08:41]} 16. Rac1 {[%clk 0:06:21]} Nc7
{[%clk 0:07:46]} 17. Bc5 {[%clk 0:05:52]} Re8 {[%clk 0:07:51]} 18. Bd6
{[%clk 0:05:14]} b4 {[%clk 0:06:46]} 19. Na4 {[%clk 0:04:17]} Nb5
{[%clk 0:06:43]} 20. Qc4 {[%clk 0:04:13]} Nxe5 {[%clk 0:04:41]} 21. Bxe5
{[%clk 0:04:17]} Rxe5 {[%clk 0:04:50]} 22. Qxf7+ {[%clk 0:04:12]} Kh8
{[%clk 0:04:48]} 23. Nc5 {[%clk 0:03:46]} Qe8 {[%clk 0:03:54]} 24. Qc4
{[%clk 0:03:20]} a5 {[%clk 0:03:51]} 25. g4 {[%clk 0:03:03]} Bxg4
{[%clk 0:03:07]} 26. Qxg4 {[%clk 0:02:06]} Rg5 {[%clk 0:03:16]} 27. Qxg5
{[%clk 0:02:15]} hxg5 {[%clk 0:03:25]} 28. Rd3 {[%clk 0:02:24]} g4
{[%clk 0:03:24]} 29. h3 {[%clk 0:02:25]} Rd8 {[%clk 0:03:04]} 30. Re3
{[%clk 0:02:22]} Qh5 {[%clk 0:01:57]} 31. hxg4 {[%clk 0:02:22]} Qxg4+
{[%clk 0:01:55]} 32. Rg3 {[%clk 0:02:31]} Qh5 {[%clk 0:01:58]} 33. Kg2
{[%clk 0:02:31]} Rd4 {[%clk 0:01:32]} 34. Rh1 {[%clk 0:02:28]} Qxh1+
{[%clk 0:01:11]} 35. Kxh1 {[%clk 0:02:37]} Kh7 {[%clk 0:01:14]} 36. Bc2+
{[%clk 0:02:23]} Kg8 {[%clk 0:01:15]} 37. Bb3+ {[%clk 0:02:30]} Kh7
{[%clk 0:01:21]} 38. Ne6 {[%clk 0:02:34]} Rd6 {[%clk 0:01:23]} 39. Ng5+
{[%clk 0:02:34]} Kg6 {[%clk 0:01:25]} 40. Ne4+ {[%clk 0:02:43]} Kh6
{[%clk 0:01:28]} 41. Nxd6 {[%clk 0:02:51]} Nxd6 {[%clk 0:01:37]} 42. Re3
{[%clk 0:02:50]} Nf5 {[%clk 0:01:17]} 43. Re6+ {[%clk 0:02:56]} Kg5
{[%clk 0:01:26]} 44. Rxc6 {[%clk 0:03:01]} 1-0